<?xml version="1.0" encoding="UTF-8"?>
<record
    xmlns:xsi="http://www.w3.org/2001/XMLSchema-instance"
    xsi:schemaLocation="http://www.loc.gov/MARC21/slim http://www.loc.gov/standards/marcxml/schema/MARC21slim.xsd"
    xmlns="http://www.loc.gov/MARC21/slim">

  <leader>02871nam a2200373 i 4500</leader>
  <controlfield tag="001">000000653</controlfield>
  <controlfield tag="003">DO-SdBNP</controlfield>
  <controlfield tag="005">20260526142530.0</controlfield>
  <controlfield tag="007">ta</controlfield>
  <controlfield tag="008">090331s2006    dr ac         000 0 spa d</controlfield>
  <datafield tag="040" ind1=" " ind2=" ">
    <subfield code="a">DO-SdBNP</subfield>
    <subfield code="b">spa</subfield>
    <subfield code="c">BNPHU</subfield>
    <subfield code="e">rda</subfield>
  </datafield>
  <datafield tag="041" ind1=" " ind2=" ">
    <subfield code="a">spa</subfield>
  </datafield>
  <datafield tag="082" ind1=" " ind2="4">
    <subfield code="a">972.93697</subfield>
    <subfield code="b">M538m</subfield>
    <subfield code="2">22</subfield>
  </datafield>
  <datafield tag="100" ind1="1" ind2=" ">
    <subfield code="a">M&#xE9;ndez Jimini&#xE1;n, Jes&#xFA;s,</subfield>
    <subfield code="e">autor</subfield>
    <subfield code="4">aut.</subfield>
    <subfield code="9">2186</subfield>
  </datafield>
  <datafield tag="245" ind1="1" ind2="0">
    <subfield code="a">Mart&#xED; por los caminos de La Vega Real :</subfield>
    <subfield code="b">pasi&#xF3;n y gloria /</subfield>
    <subfield code="c">Jes&#xFA;s M&#xE9;ndez Jimini&#xE1;n.</subfield>
  </datafield>
  <datafield tag="264" ind1=" " ind2="1">
    <subfield code="a">Santo Domingo :</subfield>
    <subfield code="b">Progr&#xE1;fica,</subfield>
    <subfield code="c">2006.</subfield>
  </datafield>
  <datafield tag="300" ind1=" " ind2=" ">
    <subfield code="a">207 p&#xE1;ginas :</subfield>
    <subfield code="b">ilustraciones retratos ;</subfield>
    <subfield code="c">21 cm.</subfield>
  </datafield>
  <datafield tag="336" ind1=" " ind2=" ">
    <subfield code="a">texto</subfield>
    <subfield code="b">txt</subfield>
    <subfield code="2">rdacontent</subfield>
  </datafield>
  <datafield tag="337" ind1=" " ind2=" ">
    <subfield code="a">sin mediaci&#xF3;n</subfield>
    <subfield code="b">n</subfield>
    <subfield code="2">rdamedia</subfield>
  </datafield>
  <datafield tag="338" ind1=" " ind2=" ">
    <subfield code="a">volumen</subfield>
    <subfield code="b">nc</subfield>
    <subfield code="2">rdacarrier</subfield>
  </datafield>
  <datafield tag="500" ind1=" " ind2=" ">
    <subfield code="a">Preparar un pueblo para defenderse, y para vivir con honor, es el mejor modo de defenderlo.</subfield>
  </datafield>
  <datafield tag="500" ind1=" " ind2=" ">
    <subfield code="a">Incluye referencias bibliogr&#xE1;ficas y notas al pie de las p&#xE1;ginas.</subfield>
  </datafield>
  <datafield tag="504" ind1=" " ind2=" ">
    <subfield code="a">Bibliograf&#xED;a : p&#xE1;ginas 201-207.</subfield>
  </datafield>
  <datafield tag="505" ind1="0" ind2=" ">
    <subfield code="a">Dedicatoria --</subfield>
    <subfield code="t">Agradecimientos --</subfield>
    <subfield code="t">Pr&#xF3;logo --</subfield>
    <subfield code="g">Cap&#xED;tulo 1--</subfield>
    <subfield code="t">La Vega de entonces (1850-1900) --</subfield>
    <subfield code="g">Cap&#xED;tulo 2--</subfield>
    <subfield code="t">Apuntes sobre la econom&#xED;a de La Vega durante la segunda mitad del siglo XIX --</subfield>
    <subfield code="g">Cap&#xED;tulo 3--</subfield>
    <subfield code="t">Vida cultural, religiosa, folklore, costumbres y leyendas veganas (1850-1900) --</subfield>
    <subfield code="g">Cap&#xED;tulo 4--</subfield>
    <subfield code="t">Escuelas, sociedades, gremios y otras instituciones en La Vega durante la segunda mitad del siglo XIX --</subfield>
    <subfield code="g">Cap&#xED;tulo 5--</subfield>
    <subfield code="t">La presencia de Mart&#xED; en La Vega Real --</subfield>
    <subfield code="t">Mart&#xED; camino a La Vega Real --</subfield>
    <subfield code="t">Cap&#xED;tulo 6--</subfield>
    <subfield code="t">La prensa vegana y los clubes revolucionarios en la Rep&#xFA;blica Dominicana: su papel en el proyecto martiano --</subfield>
    <subfield code="t">Cap&#xED;tulo 7--</subfield>
    <subfield code="t">Luper&#xF3;n y Heureaux: aportes a la causa cubana --</subfield>
    <subfield code="g">Cap&#xED;tulo 8--</subfield>
    <subfield code="t">Mart&#xED; y Federico Garc&#xED;a Godoy. Cr&#xED;tica a Ramona, novela americana traducida por Mart&#xED; --</subfield>
    <subfield code="g">Cap&#xED;tulo 9 --</subfield>
    <subfield code="t">Mart&#xED; en el recuerdo de grandes veganos del siglo XIX -- Don Manuel Ubaldo G&#xF3;mez y Moya</subfield>
    <subfield code="g">Cap&#xED;tulo 10--</subfield>
    <subfield code="t">Epistolario de Jos&#xE9; Eleuterio Hatton sobre la causa cubana desde Santo Domingo 1896--</subfield>
    <subfield code="g">Cap&#xED;tulo 11--</subfield>
    <subfield code="t">Cuba y el General Weyler 1896--</subfield>
    <subfield code="g">Cap&#xED;tulo 12--</subfield>
    <subfield code="t">La campa&#xF1;a de la reforma: la gran desgracia de Weyler en la guerra de independencia cubana--</subfield>
    <subfield code="g">Cap&#xED;tulo 13--</subfield>
    <subfield code="t">Circulares, &#xF3;rdenes y mandos del general Weyler en Cuba entre 1896 y 1897--</subfield>
    <subfield code="g">Cap&#xED;tulo 14--</subfield>
    <subfield code="t">Los Estados Unidos y el general Weyler en los tiempos de la guerra de independencia cubana 1897.</subfield>
  </datafield>
  <datafield tag="590" ind1=" " ind2=" ">
    <subfield code="a">Inventariado, 2024 / DG</subfield>
  </datafield>
  <datafield tag="600" ind1="1" ind2="0">
    <subfield code="a">Mart&#xED;, Jos&#xE9;,</subfield>
    <subfield code="d">1853-1895</subfield>
    <subfield code="9">645</subfield>
  </datafield>
  <datafield tag="651" ind1=" " ind2="4">
    <subfield code="a"> Concepci&#xF3;n de la Vega (Republica Dominicana )</subfield>
    <subfield code="9">2180</subfield>
  </datafield>
  <datafield tag="651" ind1=" " ind2="4">
    <subfield code="a">Concepci&#xF3;n de la  Vega (Rep&#xFA;blica Dominicana)</subfield>
    <subfield code="x">Condiciones econ&#xF3;micas</subfield>
    <subfield code="x">Historia</subfield>
    <subfield code="9">2187</subfield>
  </datafield>
  <datafield tag="651" ind1=" " ind2="4">
    <subfield code="a">Concepci&#xF3;n de la Vega (Rep&#xFA;blica Dominicana)</subfield>
    <subfield code="x">Condiciones sociales</subfield>
    <subfield code="x">Historia</subfield>
    <subfield code="9">2188</subfield>
  </datafield>
  <datafield tag="651" ind1=" " ind2="4">
    <subfield code="a">Cuba</subfield>
    <subfield code="x">Historia</subfield>
    <subfield code="9">493</subfield>
  </datafield>
  <datafield tag="651" ind1=" " ind2="4">
    <subfield code="a">Rep&#xFA;blica Dominicana</subfield>
    <subfield code="x">Historia</subfield>
    <subfield code="9">170</subfield>
  </datafield>
  <datafield tag="910" ind1=" " ind2=" ">
    <subfield code="a">Validado. Control de calidad MMOLINA</subfield>
  </datafield>
  <datafield tag="942" ind1=" " ind2=" ">
    <subfield code="2">ddc</subfield>
    <subfield code="c">LBS1</subfield>
  </datafield>
  <datafield tag="952" ind1=" " ind2=" ">
    <subfield code="0">0</subfield>
    <subfield code="1">0</subfield>
    <subfield code="2">ddc</subfield>
    <subfield code="5">6</subfield>
    <subfield code="7">0</subfield>
    <subfield code="8">DS</subfield>
    <subfield code="a">BNPHU</subfield>
    <subfield code="b">BNPHU</subfield>
    <subfield code="c">HD</subfield>
    <subfield code="d">2010-01-27</subfield>
    <subfield code="e">Donado por la Presidencia de la Rep&#xFA;blica Dominicana 2023.</subfield>
    <subfield code="l">0</subfield>
    <subfield code="o">BNPHU DS 972.93697 M538m</subfield>
    <subfield code="p">653-50</subfield>
    <subfield code="r">2020-06-25</subfield>
    <subfield code="t">e. 5</subfield>
    <subfield code="w">2020-06-25</subfield>
    <subfield code="y">LBS1</subfield>
    <subfield code="z">Pertenecio a la biblioteca personal de Emilio Cordero Michel.</subfield>
    <subfield code="Z">Pr&#xE9;stamo en sala</subfield>
  </datafield>
  <datafield tag="952" ind1=" " ind2=" ">
    <subfield code="0">0</subfield>
    <subfield code="1">0</subfield>
    <subfield code="2">ddc</subfield>
    <subfield code="5">6</subfield>
    <subfield code="7">0</subfield>
    <subfield code="8">DS</subfield>
    <subfield code="a">BNPHU</subfield>
    <subfield code="b">BNPHU</subfield>
    <subfield code="c">HD</subfield>
    <subfield code="d">2009-08-25</subfield>
    <subfield code="l">0</subfield>
    <subfield code="o">BNPHU DS 972.93697 M538m</subfield>
    <subfield code="p">653-30</subfield>
    <subfield code="r">2020-06-25</subfield>
    <subfield code="t">e. 3</subfield>
    <subfield code="w">2020-06-25</subfield>
    <subfield code="y">LBS1</subfield>
    <subfield code="Z">Pr&#xE9;stamo interno</subfield>
  </datafield>
  <datafield tag="952" ind1=" " ind2=" ">
    <subfield code="0">0</subfield>
    <subfield code="1">0</subfield>
    <subfield code="2">ddc</subfield>
    <subfield code="5">1</subfield>
    <subfield code="7">0</subfield>
    <subfield code="8">PD</subfield>
    <subfield code="a">BNPHU</subfield>
    <subfield code="b">BNPHU</subfield>
    <subfield code="c">HD</subfield>
    <subfield code="d">2009-08-25</subfield>
    <subfield code="e">Dep&#xF3;sito Legal</subfield>
    <subfield code="l">0</subfield>
    <subfield code="o">BNPHU PD 972.93697 M538m</subfield>
    <subfield code="p">653-10</subfield>
    <subfield code="r">2020-06-25</subfield>
    <subfield code="w">2020-06-25</subfield>
    <subfield code="y">LBS1</subfield>
    <subfield code="Z">No se presta</subfield>
  </datafield>
  <datafield tag="952" ind1=" " ind2=" ">
    <subfield code="0">0</subfield>
    <subfield code="1">0</subfield>
    <subfield code="2">ddc</subfield>
    <subfield code="5">1</subfield>
    <subfield code="7">0</subfield>
    <subfield code="8">PD</subfield>
    <subfield code="a">BNPHU</subfield>
    <subfield code="b">BNPHU</subfield>
    <subfield code="c">HD</subfield>
    <subfield code="d">2009-08-25</subfield>
    <subfield code="e">Dep&#xF3;sito Legal</subfield>
    <subfield code="l">0</subfield>
    <subfield code="o">BNPHU PD 972.93697 M538m</subfield>
    <subfield code="p">653-20</subfield>
    <subfield code="r">2020-06-25</subfield>
    <subfield code="t">e. 2</subfield>
    <subfield code="w">2020-06-25</subfield>
    <subfield code="y">LBS1</subfield>
    <subfield code="Z">No se presta</subfield>
  </datafield>
  <datafield tag="952" ind1=" " ind2=" ">
    <subfield code="0">0</subfield>
    <subfield code="1">0</subfield>
    <subfield code="2">ddc</subfield>
    <subfield code="5">6</subfield>
    <subfield code="7">0</subfield>
    <subfield code="8">DS</subfield>
    <subfield code="a">BNPHU</subfield>
    <subfield code="b">BNPHU</subfield>
    <subfield code="c">HD</subfield>
    <subfield code="d">2010-01-27</subfield>
    <subfield code="e">Donado por FUNDI</subfield>
    <subfield code="l">0</subfield>
    <subfield code="o">BNPHU DS 972.93697 M538m</subfield>
    <subfield code="p">653-40</subfield>
    <subfield code="r">2020-06-25</subfield>
    <subfield code="t">e. 4</subfield>
    <subfield code="w">2020-06-25</subfield>
    <subfield code="y">LBS1</subfield>
    <subfield code="Z">Pr&#xE9;stamo interno</subfield>
  </datafield>
  <datafield tag="999" ind1=" " ind2=" ">
    <subfield code="c">650</subfield>
    <subfield code="d">650</subfield>
  </datafield>
</record>
